Estadística de las centrales eléctricas superiores a 400 kVA / (Record no. 30955)

MARC details
000 -LEADER
campo de control de longitud fija 00663nam a2200181 i 4500
001 - NÚMERO DE CONTROL
campo de control 30955
003 - IDENTIFICADOR DE NÚMERO DE CONTROL
campo de control ES-MaACL
005 - FECHA Y HORA DE LA ÚLTIMA TRANSACCIÓN
campo de control 20230906154300.0
007 - CAMPO FIJO DE DESCRIPCIÓN FÍSICA--INFORMACIÓN GENERAL
campo de control de longitud fija t|
008 - DATOS DE LONGITUD FIJA--INFORMACIÓN GENERAL
campo de control de longitud fija 030128s1932 sp ||||1| spa d
100 1# - ENTRADA PRINCIPAL--NOMBRE DE PERSONA
Nombre de persona Bello Poeyusan, Severino.
9 (RLIN) 159015
245 10 - MENCIÓN DEL TÍTULO
Título Estadística de las centrales eléctricas superiores a 400 kVA /
Mención de responsabilidad, etc. por Severino Bello Poëyusan.
260 ## - PUBLICACIÓN, DISTRIBUCIÓN, ETC.
Lugar de publicación, distribución, etc. Madrid :
Nombre del editor, distribuidor, etc. [s.n.],
Fecha de publicación, distribución, etc. 1932 (
Fabricante Gráficas Reunidas)
300 ## - DESCRIPCIÓN FÍSICA
Extensión 25 hoj. con 1 cuadro doble :
Otras características físicas 1 map. ;
Dimensiones 25 cm.
594 ## - Nota al título y mención de responsabilidad
Nota al título y mención de responsabilidad Precede al tít.: Ministerio de Obras Publicas. Consejo de la Energia.
650 #4 - PUNTO DE ACCESO ADICIONAL DE MATERIA--TÉRMINO DE MATERIA
Término de materia o nombre geográfico como elemento de entrada Centrales eléctricas-
Subdivisión geográfica España.
9 (RLIN) 159107
852 ## - LOCALIZACIÓN
Ubicación ES-MaACL
Número de control de estantería 1770-F-4
Holdings
Estatus retirado Estado de pérdida Estado de daño No para préstamo Colección Biblioteca de origen Biblioteca actual Ubicación en estantería Fecha de adquisición Fuente de adquisición Total de préstamos Signatura topográfica completa Código de barras Visto por última vez Precio de reemplazo Tipo de ítem Koha
        Colección de folletos Biblioteca del Ateneo de Madrid Biblioteca del Ateneo de Madrid Depósito folletos 17/01/2008     1770-F-4 1031980 23/02/2023 23/02/2023 Folleto